000 00574nam a2200181 a 4500
008 120416s1969 ||||||||||||||||| || u
050 _aHC 502 Eco
100 _aLury, D . A
245 1 4 _aThe economics of Africa
246 _aP Robson
260 _aLondon
_bAllen and Unwin
_c1969
300 _a528p.
350 _a0.00
650 0 _aECONOMICS
650 0 _aECONOMIC DEVELOPMENT--AFRICA
700 _aRobson, P
995 _D0.00
_FCBU-MAIN LIBRARY (Kitwe)
_H1
_I4.25
_M1
_UAVAILABLE
_ZAnnex Low-Usage Collection
999 _c41006
_d41006